[Event "183 Stay Safe Play From Home series"]
[Site "T#646406Emanuel Laske"]
[Date "2020.05.28"]
[Round "1"]
[White "little champs"]
[Black "Kongle"]
[Result "1-0"]
[WhiteElo "2270"]
[BlackElo "1830"]
[PlyCount "89"]
[EventDate "2020.05.28"]
[EventType "swiss (blitz)"]

1. d4 {[%emt 0:00:12]} Nf6 {[%emt 0:00:02]} 2. e3 {[%emt 0:00:02]} d6 {[%emt 0:00:02]} 3. Nf3 {[%emt 0:00:01]} Bg4 {[%emt 0:00:02]} 4. Be2 {[%emt 0:00:01]} e6 {[%emt 0:00:01]} 5. O-O {[%emt 0:00:01]} Be7 {[%emt 0:00:02]} 6. c4 {[%emt 0:00:01]} O-O {[%emt 0:00:01]} 7. h3 {[%emt 0:00:01]} Bh5 {[%emt 0:00:02]} 8. Nc3 {[%emt 0:00:01]} Nbd7 {[%emt 0:00:02]} 9. Nd2 {[%emt 0:00:01]} Bxe2 {[%emt 0:00:03]} 10. Qxe2 {[%emt 0:00:01]} c6 {[%emt 0:00:01]} 11. Nb3 {[%emt 0:00:01]} e5 {[%emt 0:00:03]} 12. e4 {[%emt 0:00:01]} exd4 {[%emt 0:00:02]} 13. Nxd4 {[%emt 0:00:01]} Nc5 {[%emt 0:00:01]} 14. f4 {[%emt 0:00:02]} Re8 {[%emt 0:00:01]} 15. Re1 {[%emt 0:00:01]} Bf8 {[%emt 0:00:01]} 16. Qc2 {[%emt 0:00:01]} g6 {[%emt 0:00:08]} 17. Bd2 {[%emt 0:00:01]} a5 {[%emt 0:00:10]} 18. Rad1 {[%emt 0:00:02]} a4 {[%emt 0:00:02]} 19. Bc1 {[%emt 0:00:01]} Nh5 {[%emt 0:00:09]} 20. e5 {[%emt 0:00:02]} dxe5 {[%emt 0:00:04]} 21. fxe5 {[%emt 0:00:16]} Qh4 {[%emt 0:00:08]} 22. Nf3 {[%emt 0:00:01]} Qg3 {[%emt 0:00:03]} 23. Qf2 {[%emt 0:00:04]} Qxf2+ {[%emt 0:00:02]} 24. Kxf2 {[%emt 0:00:01]} Nf4 {[%emt 0:00:02]} 25. Bxf4 {[%emt 0:00:02]} Ne6 {[%emt 0:00:10]} 26. Be3 {[%emt 0:00:02]} Red8 {[%emt 0:00:04]} 27. Ne4 {[%emt 0:00:02]} c5 {[%emt 0:00:03]} 28. Nd6 {[%emt 0:00:02]} a3 {[%emt 0:00:10]} 29. b3 {[%emt 0:00:02]} b6 {[%emt 0:00:04]} 30. Ng5 {[%emt 0:00:03]} Nd4 {[%emt 0:00:07]} 31. Bxd4 {[%emt 0:00:01]} cxd4 {[%emt 0:00:02]} 32. Rxd4 {[%emt 0:00:01]} Ra7 {[%emt 0:00:04]} 33. Nge4 {[%emt 0:00:01]} Kg7 {[%emt 0:00:04]} 34. Red1 {[%emt 0:00:01]} Be7 {[%emt 0:00:02]} 35. Nb5 {[%emt 0:00:02]} Rxd4 {[%emt 0:00:04]} 36. Rxd4 {[%emt 0:00:01]} Ra8 {[%emt 0:00:08]} 37. Rd7 {[%emt 0:00:01]} Bf8 {[%emt 0:00:03]} 38. e6 {[%emt 0:00:01]} Re8 {[%emt 0:00:09]} 39. Rxf7+ {[%emt 0:00:02]} Kh6 {[%emt 0:00:03]} 40. Nf6 {[%emt 0:00:07]} Bc5+ {[%emt 0:00:05]} 41. Kf3 {[%emt 0:00:02]} Rxe6 {[%emt 0:00:02]} 42. Ng4+ {[%emt 0:00:00]} Kg5 {[%emt 0:00:04]} 43. Rxh7 {[%emt 0:00:03]} Re1 {[%emt 0:00:13]} 44. h4+ {[%emt 0:00:01]} Kf5 {[%emt 0:00:03]} 45. Rf7+ {[%emt 0:00:01] Time (Lag: Av=0.91s, max=2.5s)} 1-0

[Event "183 Stay Safe Play From Home series"]
[Site "T#646406Emanuel Laske"]
[Date "2020.05.28"]
[Round "1"]
[White "Indianquant"]
[Black "Dukic"]
[Result "1-0"]
[WhiteElo "2236"]
[BlackElo "1834"]
[PlyCount "51"]
[EventDate "2020.05.28"]
[EventType "swiss (blitz)"]

1. Nf3 {[%emt 0:00:06]} c6 {[%emt 0:00:01]} 2. d4 {[%emt 0:00:01]} d6 {[%emt 0:00:01]} 3. c4 {[%emt 0:00:01]} Nd7 {[%emt 0:00:01]} 4. Nc3 {[%emt 0:00:01]} e5 {[%emt 0:00:02]} 5. e4 {[%emt 0:00:01]} Be7 {[%emt 0:00:01]} 6. Be2 {[%emt 0:00:01]} Ngf6 {[%emt 0:00:01]} 7. O-O {[%emt 0:00:00]} O-O {[%emt 0:00:01]} 8. Re1 {[%emt 0:00:00]} Re8 {[%emt 0:00:01]} 9. Bf1 {[%emt 0:00:00]} Qc7 {[%emt 0:00:02]} 10. h3 {[%emt 0:00:01]} h6 {[%emt 0:00:02]} 11. a3 {[%emt 0:00:01]} b6 {[%emt 0:00:01]} 12. b4 {[%emt 0:00:03]} Bb7 {[%emt 0:00:01]} 13. Bb2 {[%emt 0:00:01]} exd4 {[%emt 0:00:02]} 14. Nxd4 {[%emt 0:00:01]} a6 {[%emt 0:00:04]} 15. Nf5 {[%emt 0:00:03]} Bf8 {[%emt 0:00:01]} 16. Rc1 {[%emt 0:00:02]} c5 {[%emt 0:00:01]} 17. Nd5 {[%emt 0:00:04]} Qd8 {[%emt 0:00:16]} 18. Qd2 {[%emt 0:00:09]} Nxe4 {[%emt 0:00:05]} 19. Qf4 {[%emt 0:00:03]} Ndf6 {[%emt 0:00:24]} 20. Nxf6+ {[%emt 0:00:05]} Nxf6 {[%emt 0:00:02]} 21. Nxh6+ {[%emt 0:00:01]} gxh6 {[%emt 0:00:07]} 22. Bxf6 {[%emt 0:00:02]} Qd7 {[%emt 0:00:04]} 23. Qg3+ {[%emt 0:00:07]} Kh7 {[%emt 0:00:08]} 24. Bd3+ {[%emt 0:00:01]} Be4 {[%emt 0:00:06]} 25. Rxe4 {[%emt 0:00:02]} Rxe4 {[%emt 0:00:07]} 26. Bxe4+ {[%emt 0:00:00] Dukic gibt auf (Lag: Av=0.53s, max=1.2s)} 1-0

[Event "183 Stay Safe Play From Home series"]
[Site "T#646406Emanuel Laske"]
[Date "2020.05.28"]
[Round "1"]
[White "Lazieri3"]
[Black "Trotsky"]
[Result "1-0"]
[WhiteElo "2044"]
[BlackElo "1566"]
[Annotator "NA"]
[PlyCount "63"]
[EventDate "2020.05.28"]
[EventType "swiss (blitz)"]

1. e4 {[%emt 0:00:01]} c5 {[%emt 0:00:01]} 2. Nc3 {[%emt 0:00:01]} Nc6 {[%emt 0:00:01]} 3. d3 {[%emt 0:00:01]} Nf6 {[%emt 0:00:01]} 4. Nf3 {[%emt 0:00:00]} e6 {[%emt 0:00:01]} 5. Bg5 {[%emt 0:00:01]} Be7 {[%emt 0:00:01]} 6. h3 {[%emt 0:00:01]} d6 {[%emt 0:00:01]} 7. Be2 {[%emt 0:00:01]} a6 {[%emt 0:00:01]} 8. d4 {[%emt 0:00:01]} cxd4 {[%emt 0:00:02]} 9. Nxd4 {[%emt 0:00:00]} Qc7 {[%emt 0:00:01]} 10. Nxc6 {[%emt 0:00:01]} bxc6 {[%emt 0:00:01]} 11. O-O {[%emt 0:00:01]} Bb7 {[%emt 0:00:01]} 12. Bf3 {[%emt 0:00:05]} Rd8 {[%emt 0:00:01]} 13. Re1 {[%emt 0:00:04]} O-O {[%emt 0:00:01]} 14. b3 {[%emt 0:00:04]} Kh8 {[%emt 0:00:01]} 15. Na4 {[%emt 0:00:04]} e5 {[%emt 0:00:03]} 16. Be3 {[%emt 0:00:02]} c5 {[%emt 0:00:04]} 17. Bg5 {[%emt 0:00:03]} d5 {[%emt 0:00:03]} 18. exd5 {[%emt 0:00:02]} e4 {[%emt 0:00:03]} 19. Bxf6 {[%emt 0:00:02]} gxf6 {[%emt 0:00:01]} 20. Bxe4 {[%emt 0:00:06]} Rg8 {[%emt 0:00:05]} 21. Qf3 {[%emt 0:00:03]} Bd6 {[%emt 0:00:02]} 22. Qxf6+ {[%emt 0:00:06]} Rg7 {[%emt 0:00:01]} 23. Rad1 {[%emt 0:00:12]} Be5 {[%emt 0:00:02]} 24. Qf3 {[%emt 0:00:01]} Rdg8 {[%emt 0:00:03]} 25. Qf5 {[%emt 0:00:05]} Bc8 {[%emt 0:00:05]} 26. Qf3 {[%emt 0:00:07]} Bh2+ {[%emt 0:00:04]} 27. Kh1 {[%emt 0:00:12]} Rxg2 {[%emt 0:00:11]} 28. Qxg2 {[%emt 0:00:23]} Rxg2 {[%emt 0:00:06]} 29. Bxg2 {[%emt 0:00:00]} Bg3 {[%emt 0:00:07]} 30. fxg3 {[%emt 0:00:03]} Qxg3 {[%emt 0:00:01]} 31. Re8+ {[%emt 0:00:08]} Kg7 {[%emt 0:00:02]} 32. Rxc8 {[%emt 0:00:01] Trotsky Ñäàåòñÿ (Lag: Av=0.38s, max=0.7s)} 1-0

[Event "183 Stay Safe Play From Home series"]
[Site "T#646406Emanuel Laske"]
[Date "2020.05.28"]
[Round "1"]
[White "Patzeroglu"]
[Black "Spacecap39"]
[Result "1-0"]
[WhiteElo "1948"]
[BlackElo "1847"]
[Annotator "NA"]
[PlyCount "81"]
[EventDate "2020.05.28"]
[EventType "swiss (blitz)"]

1. e4 {[%emt 0:00:05]} c6 {[%emt 0:00:02]} 2. d4 {[%emt 0:00:02]} d5 {[%emt 0:00:01]} 3. Nc3 {[%emt 0:00:00]} dxe4 {[%emt 0:00:02]} 4. Nxe4 {[%emt 0:00:00]} Nf6 {[%emt 0:00:01]} 5. Nxf6+ {[%emt 0:00:01]} exf6 {[%emt 0:00:01]} 6. c3 {[%emt 0:00:00]} Bd6 {[%emt 0:00:02]} 7. Bd3 {[%emt 0:00:00]} O-O {[%emt 0:00:03]} 8. Ne2 {[%emt 0:00:00]} Bg4 {[%emt 0:00:02]} 9. f3 {[%emt 0:00:05]} Bh5 {[%emt 0:00:02]} 10. Bf4 {[%emt 0:00:02]} Re8 {[%emt 0:00:03]} 11. Bxd6 {[%emt 0:00:02]} Qxd6 {[%emt 0:00:02]} 12. Qd2 {[%emt 0:00:00]} Nd7 {[%emt 0:00:06]} 13. O-O {[%emt 0:00:02]} Nf8 {[%emt 0:00:12]} 14. Qf4 {[%emt 0:00:01]} Qe7 {[%emt 0:00:07]} 15. Ng3 {[%emt 0:00:07]} Bg6 {[%emt 0:00:05]} 16. Nf5 {[%emt 0:00:03]} Bxf5 {[%emt 0:00:03]} 17. Qxf5 {[%emt 0:00:00]} Qe3+ {[%emt 0:00:03]} 18. Kh1 {[%emt 0:00:02]} g6 {[%emt 0:00:02]} 19. Qxf6 {[%emt 0:00:59]} Qxd3 {[%emt 0:00:02]} 20. Rae1 {[%emt 0:00:04]} Qc4 {[%emt 0:00:12]} 21. a3 {[%emt 0:00:06]} Qd5 {[%emt 0:00:05]} 22. h4 {[%emt 0:00:03]} Re6 {[%emt 0:00:05]} 23. Rxe6 {[%emt 0:00:04]} Nxe6 {[%emt 0:00:04]} 24. Re1 {[%emt 0:00:03]} Qf5 {[%emt 0:00:05]} 25. Qxf5 {[%emt 0:00:02]} gxf5 {[%emt 0:00:02]} 26. Re5 {[%emt 0:00:04]} f4 {[%emt 0:00:03]} 27. Kh2 {[%emt 0:00:05]} Rd8 {[%emt 0:00:01]} 28. Kh3 {[%emt 0:00:02]} Rd5 {[%emt 0:00:01]} 29. Rxd5 {[%emt 0:00:01]} cxd5 {[%emt 0:00:02]} 30. Kg4 {[%emt 0:00:00]} Kg7 {[%emt 0:00:02]} 31. Kf5 {[%emt 0:00:13]} b6 {[%emt 0:00:14]} 32. Ke5 {[%emt 0:00:02] Patzeroglu bietet Remis} Kg6 {[%emt 0:00:08]} 33. Kxd5 {[%emt 0:00:02]} Ng7 {[%emt 0:00:00]} 34. c4 {[%emt 0:00:02]} Kf5 {[%emt 0:00:03]} 35. c5 {[%emt 0:00:02]} Ne6 {[%emt 0:00:02]} 36. c6 {[%emt 0:00:03]} Kf6 {[%emt 0:00:03]} 37. Kd6 {[%emt 0:00:07]} Nd8 {[%emt 0:00:08]} 38. c7 {[%emt 0:00:01]} Nb7+ {[%emt 0:00:04]} 39. Kd5 {[%emt 0:00:05]} Nd6 {[%emt 0:00:11]} 40. Kxd6 {[%emt 0:00:01]} Kf5 {[%emt 0:00:01]} 41. c8=Q+ {[%emt 0:00:00] Spacecap39 gibt auf (Lag: Av=0.62s, max=2.7s)} 1-0

[Event "183 Stay Safe Play From Home series"]
[Site "T#646406Emanuel Laske"]
[Date "2020.05.28"]
[Round "1"]
[White "Greblah"]
[Black "Weltszmerc"]
[Result "0-1"]
[WhiteElo "1931"]
[BlackElo "2053"]
[Annotator "NA"]
[PlyCount "130"]
[EventDate "2020.05.28"]
[EventType "swiss (blitz)"]

1. e4 {[%emt 0:00:01]} Nf6 {[%emt 0:00:01]} 2. e5 {[%emt 0:00:02]} Nd5 {[%emt 0:00:01]} 3. d4 {[%emt 0:00:00]} d6 {[%emt 0:00:01]} 4. Nf3 {[%emt 0:00:01]} g6 {[%emt 0:00:02]} 5. Bc4 {[%emt 0:00:02]} Nb6 {[%emt 0:00:01]} 6. Bb3 {[%emt 0:00:01]} Bg7 {[%emt 0:00:00]} 7. O-O {[%emt 0:00:03]} d5 {[%emt 0:00:01]} 8. c3 {[%emt 0:00:05]} Bg4 {[%emt 0:00:01]} 9. h3 {[%emt 0:00:02]} Bxf3 {[%emt 0:00:02]} 10. Qxf3 {[%emt 0:00:01]} e6 {[%emt 0:00:01]} 11. Bf4 {[%emt 0:00:05]} N8d7 {[%emt 0:00:01]} 12. Nd2 {[%emt 0:00:01]} c5 {[%emt 0:00:01]} 13. Qe3 {[%emt 0:00:03]} cxd4 {[%emt 0:00:04]} 14. cxd4 {[%emt 0:00:01]} h6 {[%emt 0:00:01]} 15. Rac1 {[%emt 0:00:03]} Rc8 {[%emt 0:00:03]} 16. Nf3 {[%emt 0:00:02]} Rxc1 {[%emt 0:00:03]} 17. Rxc1 {[%emt 0:00:02]} g5 {[%emt 0:00:03]} 18. Bg3 {[%emt 0:00:03]} O-O {[%emt 0:00:05]} 19. Qc3 {[%emt 0:00:01]} Qb8 {[%emt 0:00:02]} 20. Qc7 {[%emt 0:00:01]} Rc8 {[%emt 0:00:04]} 21. Qxb8 {[%emt 0:00:01]} Nxb8 {[%emt 0:00:04]} 22. Rxc8+ {[%emt 0:00:02]} Nxc8 {[%emt 0:00:00]} 23. h4 {[%emt 0:00:06]} g4 {[%emt 0:00:05]} 24. Nd2 {[%emt 0:00:05]} Nc6 {[%emt 0:00:02]} 25. f3 {[%emt 0:00:19]} h5 {[%emt 0:00:04]} 26. fxg4 {[%emt 0:00:04]} hxg4 {[%emt 0:00:00]} 27. Bf2 {[%emt 0:00:01]} Bh6 {[%emt 0:00:03]} 28. Nb1 {[%emt 0:00:07]} Bc1 {[%emt 0:00:01]} 29. Nc3 {[%emt 0:00:12]} Bxb2 {[%emt 0:00:01]} 30. Nb5 {[%emt 0:00:01]} a6 {[%emt 0:00:05]} 31. Nd6 {[%emt 0:00:01]} Nxd6 {[%emt 0:00:02]} 32. exd6 {[%emt 0:00:01]} Kf8 {[%emt 0:00:11]} 33. h5 {[%emt 0:00:05]} Nxd4 {[%emt 0:00:02]} 34. Bd1 {[%emt 0:00:07]} Nf5 {[%emt 0:00:07]} 35. Bc5 {[%emt 0:00:09]} Ke8 {[%emt 0:00:09]} 36. Ba4+ {[%emt 0:00:04]} b5 {[%emt 0:00:03]} 37. Bc2 {[%emt 0:00:02]} Kd7 {[%emt 0:00:07]} 38. Bxf5 {[%emt 0:00:03]} exf5 {[%emt 0:00:00]} 39. h6 {[%emt 0:00:01]} Ke6 {[%emt 0:00:14]} 40. h7 {[%emt 0:00:09]} f4 {[%emt 0:00:06]} 41. Kf1 {[%emt 0:00:05]} f5 {[%emt 0:00:02]} 42. Ke2 {[%emt 0:00:02]} a5 {[%emt 0:00:04]} 43. Kd3 {[%emt 0:00:01]} f3 {[%emt 0:00:08]} 44. gxf3 {[%emt 0:00:01]} g3 {[%emt 0:00:03]} 45. Bd4 {[%emt 0:00:01]} Bxd4 {[%emt 0:00:02]} 46. Kxd4 {[%emt 0:00:01]} g2 {[%emt 0:00:00]} 47. h8=Q {[%emt 0:00:02]} g1=Q+ {[%emt 0:00:00]} 48. Kd3 {[%emt 0:00:01]} Qd1+ {[%emt 0:00:01]} 49. Ke3 {[%emt 0:00:03]} Qe1+ {[%emt 0:00:01]} 50. Kd3 {[%emt 0:00:01]} Qb1+ {[%emt 0:00:01]} 51. Ke3 {[%emt 0:00:02]} Qc1+ {[%emt 0:00:06]} 52. Kd3 {[%emt 0:00:01]} Qa3+ {[%emt 0:00:04]} 53. Ke2 {[%emt 0:00:02]} Qxa2+ {[%emt 0:00:01]} 54. Kf1 {[%emt 0:00:01]} Qb1+ {[%emt 0:00:02]} 55. Kg2 {[%emt 0:00:01]} Qc2+ {[%emt 0:00:01]} 56. Kg3 {[%emt 0:00:02]} f4+ {[%emt 0:00:01]} 57. Kxf4 {[%emt 0:00:01]} Qd2+ {[%emt 0:00:01]} 58. Kg3 {[%emt 0:00:01]} Qg5+ {[%emt 0:00:02]} 59. Kf2 {[%emt 0:00:01]} Qd2+ {[%emt 0:00:01]} 60. Kg3 {[%emt 0:00:01]} Kxd6 {[%emt 0:00:01]} 61. Qb8+ {[%emt 0:00:02]} Kc5 {[%emt 0:00:01]} 62. Qa7+ {[%emt 0:00:01]} Kb4 {[%emt 0:00:01]} 63. Qe7+ {[%emt 0:00:01]} Ka4 {[%emt 0:00:01]} 64. Qh4+ {[%emt 0:00:02]} b4 {[%emt 0:00:01]} 65. Qd8 {[%emt 0:00:03]} Qe1+ {[%emt 0:00:02] Zeit (Lag: Av=0.77s, max=6.6s)} 0-1

[Event "183 Stay Safe Play From Home series"]
[Site "T#646406Emanuel Laske"]
[Date "2020.05.28"]
[Round "1"]
[White "Haris kollari 13"]
[Black "Position"]
[Result "0-1"]
[WhiteElo "1914"]
[BlackElo "2037"]
[Annotator "NA"]
[PlyCount "66"]
[EventDate "2020.05.28"]
[EventType "swiss (blitz)"]

1. e4 {[%emt 0:00:01]} c5 {[%emt 0:00:01]} 2. Nf3 {[%emt 0:00:01]} d6 {[%emt 0:00:01]} 3. d4 {[%emt 0:00:01]} cxd4 {[%emt 0:00:00]} 4. Nxd4 {[%emt 0:00:00]} Nf6 {[%emt 0:00:01]} 5. Nc3 {[%emt 0:00:00]} a6 {[%emt 0:00:01]} 6. f4 {[%emt 0:00:01]} e6 {[%emt 0:00:02]} 7. Be2 {[%emt 0:00:01]} Qc7 {[%emt 0:00:01]} 8. Be3 {[%emt 0:00:01]} Nc6 {[%emt 0:00:01]} 9. Qd2 {[%emt 0:00:03]} b5 {[%emt 0:00:01]} 10. Bf3 {[%emt 0:00:02]} Bb7 {[%emt 0:00:01]} 11. a3 {[%emt 0:00:06]} Na5 {[%emt 0:00:01]} 12. b3 {[%emt 0:00:06]} Rc8 {[%emt 0:00:02]} 13. Nde2 {[%emt 0:00:02]} Be7 {[%emt 0:00:06]} 14. O-O {[%emt 0:00:02]} O-O {[%emt 0:00:01]} 15. Rac1 {[%emt 0:00:01]} Rcd8 {[%emt 0:00:03]} 16. g4 {[%emt 0:00:02]} Rc8 {[%emt 0:00:02]} 17. Kg2 {[%emt 0:00:05]} Rfd8 {[%emt 0:00:02]} 18. h4 {[%emt 0:00:01]} d5 {[%emt 0:00:01]} 19. e5 {[%emt 0:00:02]} Ne4 {[%emt 0:00:01]} 20. Bxe4 {[%emt 0:00:07]} dxe4 {[%emt 0:00:00]} 21. Qe1 {[%emt 0:00:02]} b4 {[%emt 0:00:03]} 22. Na4 {[%emt 0:00:08]} bxa3 {[%emt 0:00:31]} 23. Bb6 {[%emt 0:00:02]} e3+ {[%emt 0:00:01]} 24. Kh3 {[%emt 0:00:18]} Qc6 {[%emt 0:00:02]} 25. Rg1 {[%emt 0:00:02]} Rd2 {[%emt 0:00:12]} 26. Bxa5 {[%emt 0:00:05]} Qf3+ {[%emt 0:00:02]} 27. Ng3 {[%emt 0:00:06]} Rdxc2 {[%emt 0:00:10]} 28. Rxc2 {[%emt 0:00:06]} Rxc2 {[%emt 0:00:00]} 29. Qf1 {[%emt 0:00:11]} Rf2 {[%emt 0:00:06]} 30. Qc1 {[%emt 0:00:05]} Rg2 {[%emt 0:00:19]} 31. Qe1 {[%emt 0:00:06]} Bxh4 {[%emt 0:00:05]} 32. Qxe3 {[%emt 0:00:22]} Rxg3+ {[%emt 0:00:10]} 33. Rxg3 {[%emt 0:00:01]} Qh1# {[%emt 0:00:03] (Lag: Av=0.83s, max=2.0s)} 0-1

[Event "183 Stay Safe Play From Home series"]
[Site "T#646406Emanuel Laske"]
[Date "2020.05.28"]
[Round "1"]
[White "Katianet"]
[Black "Don59as"]
[Result "0-1"]
[WhiteElo "1514"]
[BlackElo "2085"]
[Annotator "NA"]
[PlyCount "69"]
[EventDate "2020.05.28"]
[EventType "swiss (blitz)"]

1. d4 {[%emt 0:00:01]} d5 {[%emt 0:00:01]} 2. Nf3 {[%emt 0:00:00]} e6 {[%emt 0:00:01]} 3. Bf4 {[%emt 0:00:01]} Nf6 {[%emt 0:00:01]} 4. e3 {[%emt 0:00:01]} Be7 {[%emt 0:00:01]} 5. Bd3 {[%emt 0:00:01]} O-O {[%emt 0:00:01]} 6. O-O {[%emt 0:00:00]} Nbd7 {[%emt 0:00:08]} 7. Nbd2 {[%emt 0:00:01]} c5 {[%emt 0:00:01]} 8. c3 {[%emt 0:00:01]} b6 {[%emt 0:00:00]} 9. Qe2 {[%emt 0:00:01]} Bb7 {[%emt 0:00:01]} 10. Ba6 {[%emt 0:00:01]} Bxa6 {[%emt 0:00:03]} 11. Qxa6 {[%emt 0:00:00]} Ne4 {[%emt 0:00:02]} 12. Qe2 {[%emt 0:00:03]} f5 {[%emt 0:00:02]} 13. Ne5 {[%emt 0:00:03]} Nxe5 {[%emt 0:00:01]} 14. Bxe5 {[%emt 0:00:01]} Bd6 {[%emt 0:00:01]} 15. Bxd6 {[%emt 0:00:05]} Qxd6 {[%emt 0:00:01]} 16. Nxe4 {[%emt 0:00:01]} fxe4 {[%emt 0:00:02]} 17. dxc5 {[%emt 0:00:01]} bxc5 {[%emt 0:00:01]} 18. Rad1 {[%emt 0:00:01]} Qb6 {[%emt 0:00:03]} 19. Qc2 {[%emt 0:00:04]} Rab8 {[%emt 0:00:02]} 20. Rd2 {[%emt 0:00:01]} c4 {[%emt 0:00:02]} 21. Rfd1 {[%emt 0:00:01]} a5 {[%emt 0:00:03]} 22. a3 {[%emt 0:00:04]} Rf6 {[%emt 0:00:01]} 23. Qa4 {[%emt 0:00:04]} Rbf8 {[%emt 0:00:02]} 24. Qd7 {[%emt 0:00:04]} R6f7 {[%emt 0:00:03]} 25. Qa4 {[%emt 0:00:02]} Qc7 {[%emt 0:00:02]} 26. g3 {[%emt 0:00:04]} h5 {[%emt 0:00:02]} 27. b3 {[%emt 0:00:05]} cxb3 {[%emt 0:00:04]} 28. Qxb3 {[%emt 0:00:01]} h4 {[%emt 0:00:01]} 29. Rd4 {[%emt 0:00:11]} hxg3 {[%emt 0:00:02]} 30. fxg3 {[%emt 0:00:04]} Qe5 {[%emt 0:00:03]} 31. Qc2 {[%emt 0:00:05]} Rf3 {[%emt 0:00:06]} 32. Re1 {[%emt 0:00:02]} Rxg3+ {[%emt 0:00:06]} 33. hxg3 {[%emt 0:00:03]} Qxg3+ {[%emt 0:00:01]} 34. Qg2 {[%emt 0:00:05]} Qxe1+ {[%emt 0:00:01]} 35. Kh2 {[%emt 0:00:00] Katianet abbandona (Lag: Av=0.66s, max=6.3s)} 0-1

[Event "183 Stay Safe Play From Home series"]
[Site "T#646406Emanuel Laske"]
[Date "2020.05.28"]
[Round "2"]
[White "Indianquant"]
[Black "little champs"]
[Result "0-1"]
[WhiteElo "2239"]
[BlackElo "2272"]
[PlyCount "58"]
[EventDate "2020.05.28"]
[EventType "swiss (blitz)"]

1. Nf3 {[%emt 0:00:01]} c5 {[%emt 0:00:02]} 2. c4 {[%emt 0:00:01]} d6 {[%emt 0:00:01]} 3. d4 {[%emt 0:00:04]} cxd4 {[%emt 0:00:01]} 4. Nxd4 {[%emt 0:00:00]} Nf6 {[%emt 0:00:00]} 5. Nc3 {[%emt 0:00:00]} a6 {[%emt 0:00:01]} 6. e4 {[%emt 0:00:01]} g6 {[%emt 0:00:01]} 7. Be2 {[%emt 0:00:01]} Bg7 {[%emt 0:00:01]} 8. O-O {[%emt 0:00:00]} O-O {[%emt 0:00:00]} 9. Be3 {[%emt 0:00:01]} e5 {[%emt 0:00:01]} 10. Nc2 {[%emt 0:00:11]} Be6 {[%emt 0:00:02]} 11. f3 {[%emt 0:00:04]} Nc6 {[%emt 0:00:01]} 12. Qd2 {[%emt 0:00:01]} Qe7 {[%emt 0:00:02]} 13. Rfd1 {[%emt 0:00:02]} Rfd8 {[%emt 0:00:01]} 14. Bb6 {[%emt 0:00:04]} Rd7 {[%emt 0:00:03]} 15. b4 {[%emt 0:00:04]} Nh5 {[%emt 0:00:13]} 16. g3 {[%emt 0:00:26]} Rf8 {[%emt 0:00:04]} 17. Ne3 {[%emt 0:00:04]} f5 {[%emt 0:00:03]} 18. exf5 {[%emt 0:00:15]} gxf5 {[%emt 0:00:01]} 19. Ned5 {[%emt 0:00:02]} Qf7 {[%emt 0:00:01]} 20. a3 {[%emt 0:00:05]} Nd4 {[%emt 0:00:04]} 21. f4 {[%emt 0:00:07]} Qg6 {[%emt 0:00:10]} 22. Bxh5 {[%emt 0:00:08]} Qxh5 {[%emt 0:00:03]} 23. Qg2 {[%emt 0:00:03] Indianquant offers a draw} Kh8 {[%emt 0:00:09]} 24. Rac1 {[%emt 0:00:03]} Rg8 {[%emt 0:00:07]} 25. Bxd4 {[%emt 0:00:01]} exd4 {[%emt 0:00:01]} 26. Ne2 {[%emt 0:00:01]} Bxd5 {[%emt 0:00:07]} 27. cxd5 {[%emt 0:00:01]} Re7 {[%emt 0:00:19]} 28. Rc2 {[%emt 0:00:02]} Rge8 {[%emt 0:00:01]} 29. Rdd2 {[%emt 0:00:04]} d3 {[%emt 0:00:04] Indianquant resigns (Lag: Av=0.81s, max=1.8s)} 0-1